000 00613nam a22002057a 4500
999 _c3433
_d3433
003 AR-CdUCM
008 190306b ||||| |||| 00| 0 spa d
040 _aMUNICIPALIDAD PROVINCIAL DEL CUSCO
_cBIBLIOTECA MUNICIPAL DEL CUSCO
082 _a869.33 /
_bM19
100 _aMaluenda, Rafael
_911314
245 _aArmiño negro /
260 _aArgentina :
_bEdiciones del pórtico,
_c1953.
300 _a228 paginas ;
_c18 cm.
505 _aContenido :Novela.
650 _aNovelas peruanas
_9545
650 _aNovelas de costumbres
_9168
650 _aNovelas chilenas
_92077
942 _2ddc
_cLIBROS
945 _arum